| 000 | 00564nam a2200217Ia 4500 | ||
|---|---|---|---|
| 005 | 20241105093814.0 | ||
| 008 | 131103s9999 xx 000 0 und d | ||
| 020 | _cRs.75 | ||
| 040 | _aLoreto College | ||
| 041 | _aEnglish | ||
| 082 |
_a900/N _bDEV |
||
| 100 | _aDevraj, Anita | ||
| 245 | 2 |
_aA textbook of History and Civics _cAnita Devraj and Kuldeep Agarwal |
|
| 260 |
_aDelhi _bSultan Chand _c2002 |
||
| 300 |
_a93p. _b pic. |
||
| 440 | _aNational Identity Series | ||
| 650 | _aHistory | ||
| 700 | _aAgarwal, Kuldeep | ||
| 850 | _aLCBED | ||
| 942 | _cBK | ||
| 999 |
_c29254 _d79733 |
||